000 02157nam a22002297a 4500
005 20210922051049.0
008 210922b ||||| |||| 00| 0 eng d
020 _a0465062792
040 _cAL
041 _aeng
082 _223
_a327.73
_bPRER
100 _aClyde Prestowitz
_9162
245 _aRogue nation
_bAmerican unulateralism and the failure of good intentions
260 _aNew York
_bThe member of Perseus Books Group
_c2003
300 _avii,328
_bHB
_c21*16
365 _b$26.00
_f2013/03/24
500 _aPolitical Science
520 _aThe book, written by a conservative, is critical of the policies and practices of George Bush. The author examines many issues where the U.S. has disagreed with the rest of the world: free trade agreements, global warming, the Israel-Palestine conflict, the treaty to eliminate land mines, the creation of an International Criminal Court, the war on Iraq and more. The author argues neither for nor against particular policies, but rather against the manner in which those policies are implemented. He explores the historical roots of unilateralism and shows how it shapes American foreign policy in many important areas: trade and economic policy, arms control, energy, environment, drug trafficking, & agriculture. He states that much of the international community regards the United States as a "rogue nation"—whether they are in fact or not. Prestowitz notes, "Nations are very much like individuals. More than desire for material gain or fear or love, they are driven by a craving for dignity and respect, by the need to be recognized as valid and just as valuable as the next person or country." He proposes that America's people and its leaders become better listeners. He interviewed an impressive number of foreign diplomats, ambassadors, and government officials, and he truthfully presents their views even when he does not concur. He provides historical context for various controversies. The book is described by several reviewers as informative and challenging.[1] [2] [3]
650 _2United States Foreign Relation
700 _aPRESTOWITZ (Clyde)
_9163
942 _2ddc
_cGF
999 _c216332
_d216332